000
00317nam a2200145Ia 4500
008
230718s9999 xx 000 0 und d
041
_a
Eng.
082
_a
343.5
_b
THA-L
100
_a
Thankon, M.
245
0
_a
Land Law
260
_a
Pakistan
_b
Sweet and Mand
_c
1955
300
_a
234
650
_a
Law
999
_c
29015
_d
29015